Catálogo

Vista normal Vista MARC

Entrada Personal Name

Número de registros utilizados en: 1

001 - CONTROL NUMBER

  • control field: 13458

003 - CONTROL NUMBER IDENTIFIER

  • control field: Mx-PuUPA

005 - DATE AND TIME OF LATEST TRANSACTION

  • control field: 20221024130439.0

008 - FIXED-LENGTH DATA ELEMENTS

  • fixed length control field: 221024|| aca||aabn | a|a d

040 ## - CATALOGING SOURCE

  • Original cataloging agency: Mx-PuUPA
  • Language of cataloging: spa
  • Transcribing agency: Mx-PuUPA
  • Modifying agency: Mx-PuUPA
  • Description conventions: rda

100 1# - HEADING--PERSONAL NAME

  • Personal name: Ruvalcaba García, Gabriela D.,

374 ## - OCCUPATION

  • Occupation: Coordinadora

375 ## - GENDER

  • Gender: mujer

377 ## - ASSOCIATED LANGUAGE

  • Language code: spa

400 1# - SEE FROM TRACING--PERSONAL NAME

  • Personal name: García, Gabriela D. Ruvalcaba

670 ## - SOURCE DATA FOUND

  • Source citation: Las escuelas judiciales en el Estado democrático : ¿hacia dónde va la Escuela Judicial Electoral?, 2020:
  • Information found: t.p. (Gabriela D. Ruvalcaba García) de portada